Riconosci il Pokémon - Quiz n°587 - Statistics

Statistiche generali
  • Questo quiz è stato fatto 5 volte
  • Il punteggio medio è 7 su 10
Statistiche sulle risposte
Indizio Risposta % Corretto
Tipo Normale
100%
Peso 140,0 kg
67%
Altezza 1,7 m
67%
Tasso di cattura 30 (8.8%)
67%
Sesso 50% ♂, 50% ♀
67%
Tasso di allevamento Medio-Veloce
67%
Abilità Mente Locale; Indifferenza; Antimeteo
67%
Stadio evoluzione Prima evoluzione
67%
Generazione Quarta
67%
Pokémon Lickilicky
33%
Nessun quiz corrispondente trovato
Distribuzione punteggi
Percentuale di utenti per punteggio
Percentile per numero di risposta
I tuoi punteggi nel tempo
Non hai fatto questo quiz